Servicios de Inteligencia Secretos por país - Estadísticas

Estadísticas generales
  • Esta prueba ha sido intentada 32 veces
  • La puntuación promedio es 18 de 21
Estadísticas de respuestas
Hint Respuesta % Correcto
CNI España
100%
CIA Estados Unidos
100%
BND Alemania
97%
MI6 Reino Unido
97%
MSS China
93%
DGSE Francia
93%
Naicho Japón
93%
SVR Rusia
93%
Mossad Israel
90%
ASIS Australia
87%
CSIS Canadá
87%
RAW India
87%
GIP Arabia Saudí
83%
NIS Corea del Sur
80%
GIS Egipto
77%
VEVAK Irán
77%
AISE Italia
77%
MIT Turquía
73%
ISI Pakistán
70%
DGST Marruecos
67%
NSB Taiwán
47%
No se encontraron pruebas coincidentes
Distribución de puntuación
Porcentaje de gente con cada puntuación
Porcentaje por número respondido
Historial de tus puntuaciones
No has intentado esta prueba.